000 00295nam a22001337a 4500
008 170523b xxu||||| |||| 00| 0 eng d
020 _a9780871404114
041 _aeng
080 _a94(100)
100 _a16
101 _aSHH
245 _aLONG ROAD TO ANTIETAM
_cSLOTKIN, R
942 _2udc
_cBK
999 _c13852
_d13852